[Event "AUTO-ADV-1821"]
[Site "http://www.queenalice.com/game.php?id=799031"]
[Date "2010.7.5"]
[Round "1"]
[White "vitorpc"]
[Black "altair"]
[Result "1-0"]
[WhiteElo "1738"]
[BlackElo "1677"]

1. e4 e5 2. Nf3 d6 3. d4 Nd7 4. dxe5 dxe5 5. Nc3 Bb4 6. Bd2 Ngf6 7. Bd3 Nc5 8.
Qe2 O-O 9. O-O Be6 10. Nxe5 Qd6 11. Nf3 Rad8 12. e5 Qd7 13. exf6 g6 14. a3 Bxc3
15. Bxc3 a6 16. Rad1 Qc6 17. Qe3 Rfe8 18. Qh6 1-0

[Event "AUTO-ADV-1821"]
[Site "http://www.queenalice.com/game.php?id=799032"]
[Date "2010.7.5"]
[Round "1"]
[White "altair"]
[Black "vitorpc"]
[Result "1-0"]
[WhiteElo "1731"]
[BlackElo "1513"]

1. e4 c6 2. Nc3 d5 3. exd5 cxd5 4. d4 Nf6 5. h3 Bf5 6. Nf3 e6 7. h4 Nbd7 8. Ne5
Be7 9. f3 h6 10. Bb5 O-O 11. g4 Bxg4 12. fxg4 Nxe5 13. dxe5 Nh7 14. g5 Qc7 15.
gxh6 g6 16. Qg4 Qxe5+ 17. Ne2 Nf6 18. Qg5 Qxg5 19. hxg5 Nh7 20. Rg1 a6 21. Bd3
Rab8 22. Bd2 Bc5 23. Rg4 b5 24. Bc3 Rfe8 25. O-O-O Be3+ 26. Bd2 Bb6 27. Rf4 Nxg5
28. Ng3 Bc7 29. Rg4 Nh7 30. Nh5 f5 31. Rxg6+ Kf7 32. Rg7+ Kf8 33. Rxc7 Kg8 34.
Rg1+ Kh8 35. Bc3+ 1-0

[Event "AUTO-ADV-1821"]
[Site "http://www.queenalice.com/game.php?id=799033"]
[Date "2010.7.5"]
[Round "1"]
[White "vitorpc"]
[Black "Rubens2009"]
[Result "0-1"]
[WhiteElo "1564"]
[BlackElo "1773"]

1. e4 c5 2. Nf3 e6 3. d4 Be7 4. Nc3 d5 5. e5 cxd4 6. Nxd4 a6 7. Qg4 g6 8. Bd3
Bd7 9. O-O Nc6 10. Nxc6 Bxc6 11. Be3 Qc7 12. Qg3 O-O-O 13. a3 d4 14. Bd2 dxc3
15. Bxc3 Nh6 16. Qf4 Bf8 17. Bd2 Bg7 18. Bc3 Kb8 19. Be4 Bxe4 20. Qxe4 Nf5 21.
b4 Qxc3 22. Rfe1 Rd2 23. Ra2 Rxc2 24. Rxc2 Qxa3 25. h3 Qa4 26. Qc4 Qd7 27. f4
Nd4 28. Rd2 Nf3+ 29. gxf3 Qxd2 0-1

[Event "AUTO-ADV-1821"]
[Site "http://www.queenalice.com/game.php?id=799034"]
[Date "2010.7.5"]
[Round "1"]
[White "Rubens2009"]
[Black "vitorpc"]
[Result "1-0"]
[WhiteElo "1765"]
[BlackElo "1572"]

1. e4 c6 2. Nf3 d5 3. exd5 cxd5 4. d4 Nf6 5. Be2 Bf5 6. O-O Nc6 7. Bb5 e6 8. Ne5
Rc8 9. Nc3 Bd6 10. Bf4 O-O 11. Nxc6 bxc6 12. Bd3 Bxd3 13. Bxd6 Qxd6 14. Qxd3 c5
15. dxc5 Qxc5 16. Rae1 Qb4 17. Rb1 a5 18. a3 Qb6 19. Qb5 Qxb5 20. Nxb5 Rxc2 21.
a4 Rb8 22. f3 Nh5 23. Rfc1 Rxc1+ 24. Rxc1 Nf4 25. Rc2 h6 26. g3 Nd3 27. b3 1-0

[Event "Let's Play Chess!"]
[Site "http://www.queenalice.com/game.php?id=805077"]
[Date "2010.7.18"]
[Round "-"]
[White "vitorpc"]
[Black "igorjava"]
[Result "0-1"]
[WhiteElo "1530"]
[BlackElo "1856"]

1. e4 c5 2. Nf3 d6 3. d4 cxd4 4. Nxd4 Nf6 5. Nc3 Nc6 6. Nxc6 bxc6 7. Bf4 Bb7 8.
Bd3 g6 9. O-O Bg7 10. e5 Nh5 0-1

[Event "AUTO-ADV-1837"]
[Site "http://www.queenalice.com/game.php?id=805214"]
[Date "2010.7.18"]
[Round "1"]
[White "luizpessoa"]
[Black "vitorpc"]
[Result "1-0"]
[WhiteElo "1853"]
[BlackElo "1731"]

1. d4 Nf6 2. Nc3 d5 3. Bf4 e6 4. Nb5 Bd6 5. Nxd6+ cxd6 6. e3 Nc6 7. Bb5 a6 8.
Bxc6+ bxc6 9. Ne2 O-O 10. Ng3 c5 11. dxc5 dxc5 12. Be5 c4 13. c3 a5 14. O-O Bd7
15. a3 a4 16. Nh5 Nxh5 17. Qxh5 f6 18. Bd6 Re8 19. Qf3 Bc6 20. Qg3 e5 21. Bb4
1-0

[Event "AUTO-ADV-1837"]
[Site "http://www.queenalice.com/game.php?id=805215"]
[Date "2010.7.18"]
[Round "1"]
[White "vitorpc"]
[Black "luizpessoa"]
[Result "0-1"]
[WhiteElo "1720"]
[BlackElo "1864"]

1. e4 c5 2. Nf3 h6 3. d4 cxd4 4. Nxd4 e5 5. Nf3 Nc6 6. Nc3 Bc5 7. Bc4 Nf6 8. O-O
Ng4 9. h3 Bxf2+ 10. Rxf2 Nxf2 11. Kxf2 O-O 12. Nd5 d6 13. Be3 a6 14. Bb6 Qd7 15.
Nc7 Rb8 16. Nd5 Nd4 17. Nxd4 exd4 18. Qxd4 Qe6 19. Bc7 b5 0-1

[Event "Grande Desafio"]
[Site "http://www.queenalice.com/game.php?id=807439"]
[Date "2010.7.23"]
[Round "-"]
[White "vitorpc"]
[Black "Rissoli"]
[Result "0-1"]
[WhiteElo "1603"]
[BlackElo "1836"]

1. e4 c5 2. Nf3 d6 3. d4 cxd4 4. Nxd4 Nf6 5. Nc3 g6 6. Be3 Bg7 7. Bc4 O-O 8. O-O
a6 9. h3 b5 10. Bd3 Bb7 11. Nf3 b4 12. Ne2 Nxe4 13. Bxe4 Bxe4 14. Bd4 Bxf3 15.
gxf3 e5 16. Be3 d5 17. Bc5 Qg5+ 18. Ng3 Rd8 19. Kh2 h5 20. Rg1 Nc6 21. a3 Qf6
0-1

[Event "Grande Desafio"]
[Site "http://www.queenalice.com/game.php?id=807441"]
[Date "2010.7.23"]
[Round "-"]
[White "Rissoli"]
[Black "vitorpc"]
[Result "1-0"]
[WhiteElo "1689"]
[BlackElo "1616"]

1. e4 c6 2. d4 d5 3. Nc3 dxe4 4. Nxe4 Bf5 5. Ng3 Bg6 6. Nf3 Nf6 7. Bd3 Bxd3 8.
Qxd3 Nbd7 9. O-O e6 10. Bf4 Be7 11. c4 Nc5 12. Qe2 Ncd7 13. Rad1 O-O 14. a3 h6
15. Rfe1 Nb6 16. b4 Na4 17. Qc2 Nb6 18. Qc1 Nbd7 19. Bxh6 g6 20. Bxf8 1-0